书目信息 |
| 题名: |
大爆炸简史
|
|
| 作者: | 辛格 著 ;王文浩 译 | |
| 分册: | ||
| 出版信息: | 长沙 湖南科学技术出版社 2018 |
|
| 页数: | 13,522页 | |
| 开本: | 21cm | |
| 丛书名: | 第一推动丛书 | |
| 单 册: | ||
| 中图分类: | P159.3 | |
| 科图分类: | ||
| 主题词: | “大爆炸”宇宙学--天文学史 | |
| 电子资源: | ||
| ISBN: | 978-7-5357-9460-4 | |
| 000 | 01258oam2 2200301 450 | |
| 001 | 3442 | |
| 005 | 20180527155827.70 | |
| 010 | @a978-7-5357-9460-4@dCNY78.00 | |
| 010 | @a978-7-5357-9558-8@bCNY2598.00(全套) | |
| 100 | @a20180513d2018 em y0chiy50 ea | |
| 101 | 1 | @achi@ceng |
| 102 | @aCN@b430000 | |
| 105 | @aa z 001yy | |
| 200 | 1 | @a大爆炸简史@9da bao zha jian shi@dBig bang@f(英)西蒙·辛格(Simon Singh)著@g王文浩译@zeng |
| 210 | @a长沙@c湖南科学技术出版社@d2018 | |
| 215 | @a13,522页@c图@d21cm | |
| 225 | 1 | @a第一推动丛书@i宇宙系列@v16 |
| 305 | @a湖南科学技术出版社通过安德鲁·纳伯格联合国际有限公司获得本书中文简体版中国大陆独家出版发行权 | |
| 330 | @a本书主要讲述“大爆炸”理论从提出到被广泛接受的历程,介绍了一些鲜为人知的人物对这个理论所作的努力。同时“大爆炸”也是一个天文观测的历史,作者用特有的清晰性和饶有兴趣的趣闻轶事生动叙述了这个宇宙起源的故事。本书亦是一场惊心动魄的论证过程,读起来悬念迭起,故事感强。 | |
| 461 | 0 | @12001 @a第一推动丛书 |
| 462 | 0 | @12001 @a宇宙系列 |
| 510 | 1 | @aBig bang@zeng |
| 606 | 0 | @a“大爆炸”宇宙学@x天文学史 |
| 690 | @aP159.3@v5 | |
| 701 | 0 | @c(英)@a辛格@9xin ge@c(Singh, Simon)@4著 |
| 702 | 0 | @a王文浩@9wang wen hao@4译 |
| 801 | 0 | @aCN@b91MARC@c20180513 |
| 905 | @aMuseLib@dP159.3@e210 | |
| 大爆炸简史=Big bang/(英)西蒙·辛格(Simon Singh)著/王文浩译.-长沙:湖南科学技术出版社,2018 |
| 13,522页:图;21cm.-(第一推动丛书.宇宙系列;16) |
| ISBN 978-7-5357-9460-4:CNY78.00 |
| 本书主要讲述“大爆炸”理论从提出到被广泛接受的历程,介绍了一些鲜为人知的人物对这个理论所作的努力。同时“大爆炸”也是一个天文观测的历史,作者用特有的清晰性和饶有兴趣的趣闻轶事生动叙述了这个宇宙起源的故事。本书亦是一场惊心动魄的论证过程,读起来悬念迭起,故事感强。 |
| ● |
| 相关链接 |
|
|
|
|
正题名:大爆炸简史
索取号:P159.3/210
 
预约/预借
| 序号 | 登录号 | 条形码 | 馆藏地/架位号 | 状态 | 备注 |
| 1 | 1109212 | 211092128 | 第二样本阅览室/ [索取号:P159.3/210] | 在馆 | |
| 2 | 1109213 | 211092137 | 教育系资料室/ [索取号:P159.3/210] | 在馆 | |
| 3 | 1109214 | 211092146 | 教育系资料室/ [索取号:P159.3/210] | 在馆 | |
| 4 | 1109215 | 211092155 | 第三借阅区/ [索取号:P159.3/210] | 在馆 |